| 000 | 01345nam a2200229Ia 4500 | ||
|---|---|---|---|
| 003 | Ost | ||
| 005 | 20260507075053.0 | ||
| 008 | 260507s9999||||xx |||||||||||||| ||und|| | ||
| 040 | _cfsecg | ||
| 041 | _aara | ||
| 082 | _a659.2 | ||
| 100 |
_aالباز، علي _eمؤلف |
||
| 245 | 0 |
_aالعلاقات العامة والعلاقات الانسانية والرأي العام مع دراسة تطبيقية للعلاقات العامة بأجهزة الشرطة / _c علي الباز |
|
| 260 |
_aالاسكندرية: _bمكتبة ومطبعة الاشعاع الفنية, _c2002 |
||
| 300 |
_a166 صفحة؛ _bإيضاحات ؛ _c24 سم |
||
| 520 | _aأهمية الرأي العام، وسائل الراي العام، وسائل تكوين الرأي العام ووسائل قياسه، الرأي العام ووسائل الاعلام، العلاقات العامة: العلاقات العامة الداخلية، العلاقات العامة (الداخلية والخارجية) بجهاز الشرطة، الطبيعة المتميزة لعمل الشرطة وجمهورها، وسائل اتصال الشرطة بالرأي العام | ||
| 653 | _aالرأي العام | ||
| 653 | _aالشرطة | ||
| 653 | _aالعلاقات الانسانية | ||
| 653 | _aالعلاقات العامة | ||
| 942 | _cكتاب | ||
| 999 |
_c42691 _d42691 |
||